00541nam a2200193Ia 4500008004100000020001800041082000800059100002400067245002700091250000600118260002900124300001600153500002400169650001400193700002600207942000700233952009000240999001700330230524s9999 xx 000 0 und d a9788131529478 bPYT aAndrew Pytel942815 0aMechanics of Materials a2 aNew DelhibCengagec2015 a"XII,533p;" aQuantity Number: 1 aMechanics aJeen Kiusalaas942816 cBK 00104070aTATCLbTATCLcGENd2023-05-24l0o PYTp54102r2023-05-24w2023-05-24yBK c57789d57789